000 00719nam a2200241Ia 4500
005 20260430150412.0
008 008 250103s9999 xx 000 0 eng d
037 _aTheses
040 _aCRL
040 _beng
040 _ceng
041 _2eng
041 _aeng
084 _qCRL
100 _aYadav Gunjan Au.; Tomar Monika Gu.
_91237392
245 0 _aDevelopment of Pure and Doped Gallium Nitride Thin Films Grown Using Laser MBE Technique for the Realization of Photonic and Electronic Devices
260 _c2023
300 _aV.p.
650 _aPhysics
700 _aUniversity of Delhi. Faculty of Science. Deptt. of Physics & Astrophysics
_91237110
942 _cTH
999 _c1849696
_d1849696